[Event "RUS SFO-ch"]
[Site "Zheleznogorsk"]
[Date "2016.02.13"]
[Round "1"]
[White "Abanin, Vladimir"]
[Black "Sorokina, Tamara"]
[Result "0-1"]
[WhiteElo "1753"]
[BlackElo "2116"]
[PlyCount "120"]
[EventDate "2016.02.13"]
[EventType "swiss"]
[EventRounds "9"]
[EventCountry "RUS"]
[SourceTitle "CBM 171 Extra"]
[Source "ChessBase"]
[SourceDate "2016.04.26"]
[SourceVersion "1"]
[SourceVersionDate "2016.04.26"]
[SourceQuality "1"]

1. e4 e6 2. d4 c5 3. Nc3 cxd4 4. Qxd4 Nc6 5. Qa4 Nf6 6. Bf4 e5 7. Bg5 Be7 8. Bxf6 Bxf6 9. Rd1 0-0 10. Nf3 g6 11. Be2 Bg7 12. 0-0 a6 13. a3 Rb8 14. Rd6 Qc7 15. Rfd1 b5 16. Qb3 Nd4 17. Nxd4 exd4 18. R6xd4 Bxd4 19. Rxd4 Bb7 20. Bf3 Bc6 21. Nd5 Bxd5 22. exd5 d6 23. Qd3 Qe7 24. g3 Qf6 25. b3 Rfe8 26. Kg2 Re5 27. c4 Rf5 28. Re4 Re5 29. Qd4 Rbe8 30. Bd1 Qe7 31. Rxe5 dxe5 32. Qb6 bxc4 33. Qxa6 cxb3 34. Bxb3 Rd8 35. a4 e4 36. Qc4 e3 37. fxe3 Qxe3 38. d6 Qd2+ 39. Kh3 Qxd6 40. Qxf7+ Kh8 41. Qe6 Qxe6+ 42. Bxe6 Kg7 43. Bc4 Rd4 44. Bb5 Kf6 45. Bc6 Rc4 46. Bb5 Rb4 47. Bc6 Rb2 48. g4 Kg5 49. Kg3 Rb3+ 50. Bf3 Ra3 51. h4+ Kf6 52. a5 Rxa5 53. Be2 Ke5 54. Bf3 h6 55. Bg2 Ra3+ 56. Bf3 g5 57. hxg5 hxg5 58. Kg2 Kf4 59. Be2 Ra2 60. Kf2 Rb2 0-1

[Event "SFO-ch Seniors"]
[Site "Barnaul"]
[Date "2013.02.07"]
[Round "6"]
[White "Emeljashin, Yury"]
[Black "Abanin, Vladimir"]
[Result "1-0"]
[WhiteElo "2107"]
[BlackElo "1806"]
[PlyCount "31"]
[EventDate "2013.02.02"]
[EventType "swiss"]
[EventRounds "9"]
[EventCountry "RUS"]
[SourceTitle "CBM 153 Extra"]
[Source "ChessBase"]
[SourceDate "2013.04.22"]
[SourceVersion "1"]
[SourceVersionDate "2013.04.22"]
[SourceQuality "1"]

1. e4 d6 2. d4 Nf6 3. Nc3 g6 4. f3 Bg7 5. Be3 0-0 6. Qd2 Re8 7. Bh6 Bh8 8. h4 Nh5 9. Nge2 f5 10. exf5 e5 11. 0-0-0 exd4 12. Nxd4 c6 13. Bc4+ d5 14. Nxc6 bxc6 15. Nxd5 Kf7 16. Nc7+ 1-0

[Event "Novosibirsk Sukharev Memorial Seniors"]
[Site "Novosibirsk"]
[Date "2012.07.18"]
[Round "1"]
[White "Kuzin, Vladimir"]
[Black "Abanin, Vladimir"]
[Result "1-0"]
[WhiteElo "2002"]
[BlackElo "1840"]
[PlyCount "139"]
[EventDate "2012.07.18"]
[EventType "swiss"]
[EventRounds "9"]
[EventCountry "RUS"]
[SourceTitle "EXT 2014"]
[Source "ChessBase"]
[SourceDate "2013.11.20"]
[SourceVersion "1"]
[SourceVersionDate "2013.11.20"]
[SourceQuality "1"]

1. d4 Nf6 2. g3 g6 3. Bg2 Bg7 4. e4 d6 5. Ne2 0-0 6. Nbc3 c6 7. 0-0 Nbd7 8. h3 e5 9. Be3 Ne8 10. Qd2 exd4 11. Bxd4 Ne5 12. Bxe5 Bxe5 13. Kh2 Be6 14. Rad1 Qe7 15. f4 Bg7 16. f5 Bc4 17. Rf2 Rd8 18. b3 Bxe2 19. Nxe2 Be5 20. Qe3 Ng7 21. Kh1 Nh5 22. a4 c5 23. g4 Ng7 24. Qh6 Bf6 25. Qf4 b6 26. Rd5 g5 27. Qe3 h6 28. c3 Be5 29. Qf3 Ne8 30. Qe3 Nf6 31. Rd1 Kg7 32. Bf3 Rh8 33. Kg2 Rh7 34. c4 Rg8 35. Nc3 Bf4 36. Qd3 Kh8 37. a5 h5 38. Nd5 Nxd5 39. Qxd5 Be5 40. axb6 axb6 41. Qc6 Bd4 42. Rff1 Qe5 43. Qd5 Qf4 44. Rxd4 cxd4 45. Qxd4+ Rgg7 46. gxh5 Qe5 47. Qxe5 dxe5 48. Rd1 Rh6 49. Rd5 f6 50. Rb5 Rb7 51. c5 Rhh7 52. c6 Rb8 53. Rd5 Rc7 54. Rd6 Kg7 55. b4 b5 56. h6+ Kxh6 57. Rxf6+ Kh7 58. Re6 Rb6 59. Rxe5 Rcxc6 60. Be2 Rc2 61. Kf3 Rb2 62. Bxb5 Rxb4 63. Be8 Rf6 64. Bg6+ Kg8 65. Kg4 Rb1 66. Kxg5 Rf8 67. h4 Rg1+ 68. Kh6 Rf1 69. Re7 Kh8 70. e5 1-0

[Event "Novosibirsk Sukharev Memorial Seniors"]
[Site "Novosibirsk"]
[Date "2010.07.21"]
[Round "4"]
[White "Migunov, Vladislav"]
[Black "Abanin, Vladimir"]
[Result "1/2-1/2"]
[WhiteElo "1857"]
[BlackElo "1882"]
[PlyCount "110"]
[EventDate "2010.07.18"]
[EventType "swiss"]
[EventRounds "9"]
[EventCountry "RUS"]
[SourceTitle "EXT 2011"]
[Source "ChessBase"]
[SourceDate "2010.11.26"]
[SourceVersion "1"]
[SourceVersionDate "2010.11.26"]
[SourceQuality "1"]

1. e4 d6 2. d4 Nf6 3. Nc3 g6 4. f4 Bg7 5. Nf3 Bg4 6. Bc4 c6 7. e5 Bxf3 8. Qxf3 Nfd7 9. Be3 d5 10. Bd3 0-0 11. 0-0 e6 12. g4 f5 13. gxf5 gxf5 14. Ne2 Kh8 15. Kf2 Qh4+ 16. Ng3 c5 17. dxc5 Nxe5 18. fxe5 f4 19. Ke2 fxg3 20. Qxg3 Qh5+ 21. Kd2 Nc6 22. c3 Bxe5 23. Bf4 Bxf4+ 24. Rxf4 Qh6 25. Raf1 e5 26. Qh4 Qxh4 27. Rxh4 Rxf1 28. Bxf1 Rf8 29. Ke2 e4 30. Bg2 a5 31. Rh5 Ne7 32. Re5 Rf7 33. Rg5 Ng6 34. Ke3 Nf4 35. Rg4 Nxg2+ 36. Rxg2 Rf3+ 37. Ke2 a4 38. Rg3 Rxg3 39. hxg3 Kg7 40. Ke3 Kf6 41. b4 axb3 42. axb3 Ke6 43. b4 Kd7 44. c4 Kc6 45. Kd4 dxc4 46. Kxc4 e3 47. b5+ Kd7 48. Kd3 e2 49. Kxe2 Ke6 50. Kf3 Kd5 51. c6 bxc6 52. bxc6 Kxc6 53. Kf4 Kd6 54. Kf5 Ke7 55. Kg5 Kf7 1/2-1/2